AH International Schools' Libraries

Rainforest Animals (Record no. 47997)

MARC details
000 -LEADER
fixed length control field 00343nam a22001217a 4500
008 - FIXED-LENGTH DATA ELEMENTS--GENERAL INFORMATION
fixed length control field 241128b |||||||| |||| 00| 0 eng d
020 ## - INTERNATIONAL STANDARD BOOK NUMBER
International Standard Book Number 9780744026504
100 ## - MAIN ENTRY--PERSONAL NAME
Personal name Caryn Jenner (Author)
9 (RLIN) 85800
245 ## - TITLE STATEMENT
Title Rainforest Animals
260 ## - PUBLICATION, DISTRIBUTION, ETC. (IMPRINT)
Place of publication, distribution, etc United States
Name of publisher, distributor, etc DK Children
Date of publication, distribution, etc 2021
300 ## - PHYSICAL DESCRIPTION
Extent 48 p
Other physical details col. ill.
Dimensions 5.94 x 0.14 x 9 inches
942 ## - ADDED ENTRY ELEMENTS (KOHA)
Source of classification or shelving scheme
Holdings
Withdrawn status Lost status Source of classification or shelving scheme Damaged status Not for loan Collection code Home library Current library Date acquired Total Checkouts Full call number Barcode Date last seen Price effective from Koha item type
          Non-Fiction Asian Hope Siem Reap Asian Hope Siem Reap 11/28/2024   504 CAR 207712 11/28/2024 11/28/2024 Book

For any Logos Library related questions please contact Miss Art at swongnarasuk@asianhope.org.

For any Asian Hope Library related questions please contact Miss Raza at graza@asianhope.org.

Click here to explore our ebooks!

Powered by Koha